Restoring balance Bangladesh's rural energy realities /

Bibliographic Details
Main Author: Asaduzzaman, M.
Corporate Authors: Energy Sector Management Assistance Programme., Bangladesh Institute of Development Studies., World Bank., ProQuest (Firm)
Other Authors: Barnes, Douglas F., Khandker, Shahidur R.
Format: Electronic eBook
Language:English
Published: Washington, D.C. : World Bank, 2010.
Series:World Bank working paper ; no. 181.
Subjects:
Online Access:Click to View
LEADER 02023nam a2200469 a 4500
001 EBC589787
003 MiAaPQ
005 20200520144314.0
006 m o d |
007 cr cn|||||||||
008 100602s2010 dcuab sb 000 0 eng d
010 |z  2010294137 
020 |z 9780821378977 (pbk.) 
020 |z 082137897X (pbk.) 
020 |a 9780821383100 (electronic bk.) 
035 |a (MiAaPQ)EBC589787 
035 |a (Au-PeEL)EBL589787 
035 |a (CaPaEBR)ebr10383960 
035 |a (CaONFJC)MIL265736 
035 |a (OCoLC)811492937 
040 |a MiAaPQ  |c MiAaPQ  |d MiAaPQ 
043 |a a-bg--- 
050 4 |a HD9502.B252  |b A835 2010 
100 1 |a Asaduzzaman, M. 
245 1 0 |a Restoring balance  |h [electronic resource] :  |b Bangladesh's rural energy realities /  |c M. Asaduzzaman, Douglas F. Barnes, Shahidur R. Khandker. 
260 |a Washington, D.C. :  |b World Bank,  |c 2010. 
300 |a xxvi, 141 p. :  |b ill., maps. 
490 1 |a World Bank working paper,  |x 1726-5878 ;  |v no. 181 
500 |a "This study was conducted with the technical and financial support from the Energy Sector Management Assistance Program (ESMAP), the collaborative efforts of the Bangladesh Institute of Development Studies (BIDS) in Dhaka and the World Bank" --p. xi. 
504 |a Includes bibliographical references (p. 137-138). 
533 |a Electronic reproduction. Ann Arbor, MI : ProQuest, 2015. Available via World Wide Web. Access may be limited to ProQuest affiliated libraries. 
650 0 |a Energy consumption  |z Bangladesh. 
650 0 |a Rural public utilities  |z Bangladesh. 
655 4 |a Electronic books. 
700 1 |a Barnes, Douglas F. 
700 1 |a Khandker, Shahidur R. 
710 2 |a Energy Sector Management Assistance Programme. 
710 2 |a Bangladesh Institute of Development Studies. 
710 2 |a World Bank. 
710 2 |a ProQuest (Firm) 
830 0 |a World Bank working paper ;  |v no. 181. 
856 4 0 |u https://ebookcentral.proquest.com/lib/matrademy/detail.action?docID=589787  |z Click to View